Un concepto de planeación de empresas (Registro nro. 2190)
[ vista simple ]
| 000 -LEADER | |
|---|---|
| fixed length control field | 01008 a2200253 4500 |
| 001 - CONTROL NUMBER | |
| control field | 31562 |
| 005 - DATE AND TIME OF LATEST TRANSACTION | |
| control field | 20260407155619.0 |
| 008 - FIXED-LENGTH DATA ELEMENTS--GENERAL INFORMATION | |
| fixed length control field | 260407a1990 arg spa d |
| 003 - CONTROL NUMBER IDENTIFIER | |
| control field | AR-UNSa-BCEJYS |
| 040 ## - CATALOGING SOURCE | |
| Original cataloging agency | AR-UNSa-BCEJYS |
| Language of cataloging | spa |
| Transcribing agency | AR-UNSa-BCEJYS |
| 080 ## - UNIVERSAL DECIMAL CLASSIFICATION NUMBER | |
| Universal Decimal Classification number | 658.012.2 |
| Common auxiliary subdivision | Planificación. Programas. Planes. Medidas de apoyo a la planificación( Administración estratégica...) |
| 020 ## - INTERNATIONAL STANDARD BOOK NUMBER | |
| International Standard Book Number | 968-18-0570-4 |
| 041 ## - LANGUAGE CODE | |
| Language code of text/sound track or separate title | spa |
| 100 1# - MAIN ENTRY--PERSONAL NAME | |
| Personal name | Ackoff, Ruseell L. |
| 245 10 - TITLE STATEMENT | |
| Title | Un concepto de planeación de empresas |
| 264 #1 - PRODUCTION, PUBLICATION, DISTRIBUTION, MANUFACTURE, AND COPYRIGHT NOTICE | |
| Place of production, publication, distribution, manufacture | México : |
| Name of producer, publisher, distributor, manufacturer | Limusa |
| Date of production, publication, distribution, manufacture, or copyright notice | 1990 |
| 300 ## - PHYSICAL DESCRIPTION | |
| Extent | 157 p. |
| Dimensions | 23 cm. |
| 505 ## - FORMATTED CONTENTS NOTE | |
| Formatted contents note | 1. Naturaleza y contenido de la planeación - 2. Objetivos y metas - 3. Políticas y cursos de acción - 4. Planeación de recursos - 5. El diseño de la organización- 6. Control - 7. Organización del esfuerzo de la planeación |
| 590 ## - LOCAL NOTE (RLIN) | |
| Local note | niveau_biblio:m niveau_hierar:0 |
| 700 1# - ADDED ENTRY--PERSONAL NAME | |
| Personal name | Díaz Ramírez, Alberto |
| 700 1# - ADDED ENTRY--PERSONAL NAME | |
| Personal name | Deras Escobedo, Adolfo |
| 700 1# - ADDED ENTRY--PERSONAL NAME | |
| Personal name | Deras Quiñones, Adolfo |
| 942 ## - ADDED ENTRY ELEMENTS (KOHA) | |
| Koha item type | |
| Withdrawn status | Lost status | Damaged status | Not for loan | Home library | Current library | Shelving location | Date acquired | Total checkouts | Full call number | Barcode | Date last seen | Price effective from | Koha item type |
|---|---|---|---|---|---|---|---|---|---|---|---|---|---|
| Biblioteca Prof. Eusebio Cleto del Rey | Biblioteca Prof. Eusebio Cleto del Rey | 07/04/2026 | 658.012.2 A182 | L53711 | 07/04/2026 | 07/04/2026 | Libro | ||||||
| Biblioteca Prof. Eusebio Cleto del Rey | Biblioteca Prof. Eusebio Cleto del Rey | 07/04/2026 | 658.012.2 A182 | L33949 | 07/04/2026 | 07/04/2026 | Libro |